| 000 | 00466nam a2200181 a 4500 | ||
|---|---|---|---|
| 001 | 16508 | ||
| 005 | 20180713205446.0 | ||
| 008 | 140415s1978 000 0 spa d | ||
| 020 | _a8474900085 | ||
| 041 | _aspa | ||
| 082 |
_a231.042 _bSPE |
||
| 100 | 1 | _aSPEYR, ADRIENNE VON | |
| 245 | 1 | 3 | _aEL HOMBRE ANTE DIOS |
| 260 |
_a[s.l.] : _bENCUENTRO, _c1978 |
||
| 300 | _a131 | ||
| 490 |
_aLIBROS DE BOLSILLO _v4 |
||
| 650 | 1 | 4 |
_aDIOS _xEXISTENCIA DE DIOS |
| 999 |
_c16508 _d16508 |
||